000 00903nam a22002652 4500
001 0000002235
005 20151217151845.0
008 070405s xx 000 0 eng d
020 _a8185386161 :
_cKES 702
040 _aKABU
_cKABU
050 0 _aHF5415.2
_b.B65 1999
100 1 _aBoyd, Harper W.
_@0000151517
245 1 0 _aMarketing research :
_btext and cases /
_cHarper W. Boyd, Ralph Westfall, Stanley F. Stasch.
250 _a7th ed.
260 _aHomewood, Illinois :
_bRichard D. Irwin,
_c1999.
300 _axv, 816 p.
650 0 _aMarketing research.
_@0000151518
700 1 _aWestfall, Ralph.
_@0000151519
700 1 _aStasch, Stanley F.
_@0000151520
908 _a070405
950 _@1
999 _c5723
_d5723